The teacher as a decision-maker (Record no. 27602)

000 -LEADER
fixed length control field 00847cam a2200253 4500
001 - CONTROL NUMBER
control field 1306267
005 - DATE AND TIME OF LATEST TRANSACTION
control field 20170209113413.0
008 - FIXED-LENGTH DATA ELEMENTS--GENERAL INFORMATION
fixed length control field 700302s1970 iau b 000 0 eng
010 ## - LIBRARY OF CONGRESS CONTROL NUMBER
LC control number 77098544
020 ## - INTERNATIONAL STANDARD BOOK NUMBER
International Standard Book Number 0697060144
050 00 - LIBRARY OF CONGRESS CALL NUMBER
Classification number LB1775 .B72 1970
100 1# - MAIN ENTRY--PERSONAL NAME
Personal name Brubaker, Dale L.
245 14 - TITLE STATEMENT
Title The teacher as a decision-maker
Statement of responsibility, etc. [by] Dale L. Brubaker.
260 ## - PUBLICATION, DISTRIBUTION, ETC. (IMPRINT)
Place of publication, distribution, etc. Dubuque, Iowa,
Name of publisher, distributor, etc. W. C. Brown Co.
Date of publication, distribution, etc. [1970]
300 ## - PHYSICAL DESCRIPTION
Extent xviii, 212 p.
Dimensions 23 cm.
504 ## - BIBLIOGRAPHY, ETC. NOTE
Bibliography, etc Includes bibliographical references.
650 #0 - SUBJECT ADDED ENTRY--TOPICAL TERM
Topical term or geographic name as entry element Teacher participation in administration.
650 #0 - SUBJECT ADDED ENTRY--TOPICAL TERM
Topical term or geographic name as entry element Teacher participation in curriculum planning.
650 #0 - SUBJECT ADDED ENTRY--TOPICAL TERM
Topical term or geographic name as entry element Teacher participation in educational counseling.
942 ## - ADDED ENTRY ELEMENTS (KOHA)
Source of classification or shelving scheme
Koha item type Hard Covered Materials
Holdings
Withdrawn status Lost status Source of classification or shelving scheme Damaged status Not for loan Home library Current library Shelving location Date acquired Source of acquisition Total Checkouts Full call number Barcode Date last seen Price effective from Koha item type
          MACHAKOS UNIVERSITY LIBRARY MACHAKOS UNIVERSITY LIBRARY Technical section 09/02/2017 Donation(BFA)   LB1775 .B72 1970 34802 10/07/2018 09/02/2017 Hard Covered Materials
© Machakos University Library, Along The Highway, Machakos Wote Rd, Machakos, Kenya P.O. Box 136 - 90100 Machakos - Kenya

Tel: ( +254 ) 723 805829 OR Fax : 044-20353 OR Email: library@mksu.ac.ke